000
00338 a2200169 4500
001
192683
020
_a
978-85-08-05908-9
040
_c
Magnum
100
_a
França, Mary
240
1
0
_a
A mágica
_l
por
245
1
0
_a
A mágica
300
_a
16
362
0
_a
1999
440
1
_a
Ática
697
_a
LITERATURA INFANTIL
942
_c
BK
999
_c
192683
_d
192683